00443nam a22001697a 450000500170000001000150001702000270003203500140005903700090007308200100008210000180009224500360011025000060014626000410015227000550019330000250024820250402141940.0 aENG-144457 a9789395401012c1595.00 aEN-127989 bDBAD a591.5 aVishwas, Atri aAnimal Behaviour/cAtri Vishwas a1 aNew Delhi bRajat Publicationsc2024 a4740/23, Ansari Road, DaryaganbNew Delhi e110002 axii, 288p.c24cm(Hb)